000 00982nam a2200205 a 4500
003 DO-SdBNP
005 20230221141054.0
007 ta
008 100830s2007 000 spa d
040 _aDO-SdBNP
_bspa
_cBNPHU
082 4 _222
100 1 _aOrtiz, Aulio,
_d1950-
_977243
245 1 0 _aLeonel o Danilo: oportunidaes, fortalezas, tensiones y riesgos del PLD frente al reto del 2008 /
_cAulio Ortiz.
260 _aSanto Domingo :
_b[s. n.],
_c2007.
300 _a159 p. ;
_c19 cm.
500 _aIncluye datos biográficos del autor en las solapas.
505 0 _aComenzando por el final --
_tPolítica y matemáticas --
_tEl discurso antireeleccionista --
_tEstrellas y cometas --
_tEstabilidad o inestabilidad --
_tLa doctrina de Juan Bosch --
_tDe Bosch a Leonel --
_tEl nuevo partido tras el "Congreso Juan Bosch" --
_tDe la abundancia del corazón habla la boca "--
_t¿Leonel o Danilo? --
_tEl PLD después de mayo.
590 _aInventariado, 2020 /LP
942 _2ddc
_cLBS1
999 _c20522
_d20522